Visualizzazione normale
Vista MARC
- Ceccarelli L.
di Personal Name
Records bibliografici associati: 1
001 - CONTROL NUMBER
- control field: 22604
003 - CONTROL NUMBER IDENTIFIER
- control field: IT-RoPau
005 - DATE AND TIME OF LATEST TRANSACTION
- control field: 20140428123637.0
008 - FIXED-LENGTH DATA ELEMENTS
- fixed length control field: 140428|| aca||aabn | a|a d
040 ## - CATALOGING SOURCE
- Original cataloging agency: IT-RoPau
- Transcribing agency: IT-RoPau
100 ## - HEADING--PERSONAL NAME
- Personal name: Ceccarelli L.
- Dates associated with a name: Codice autore testo/musica SPICS: 18903
- Relator term: Autore testo/musica
- Name of part/section of a work: Orazio
670 ## - SOURCE DATA FOUND
- Source citation: Work cat.: (IT-RoPau)99577: AA.VV. 794, Five Parade n 4